Paroles - Trois nuits par semaine - Indochine - Statistiques

Statistiques générales
  • Ce quiz a été pris 1 802 fois
  • Le résultat moyen est 205 sur 275
Statistiques - réponses
Paroles % Correct
nuit
100%
nuit"
100%
par
100%
se
100%
trois
100%
"trois
100%
ce
99%
ma
99%
nuits
99%
nuits,
99%
nuits"
99%
semaine
99%
c'est
98%
C'est
98%
contre
98%
et
98%
peau
98%
sa
98%
à
97%
a
97%
A
97%
que
97%
elle
96%
est
95%
Mais
95%
mais
95%
qu'elle
95%
avec
94%
belle
94%
je
94%
dieu,
93%
dieu
93%
suis
93%
mon
87%
la
85%
"la
85%
l'a
85%
le
83%
qui
81%
de
80%
bon
77%
corps
77%
son
75%
Dans
72%
dans
72%
fois
67%
au
66%
lui
66%
nos
66%
pour
64%
un
64%
Rebecca
62%
voulait
61%
parti-ra
60%
en
59%
légende
59%
première
59%
il
57%
ses
57%
une
57%
les
56%
qu'il
55%
cet
54%
chaque
54%
s'enchaînent
54%
tout
53%
moins
50%
du
48%
comme
47%
instant
46%
ils
45%
car
44%
peu
44%
choisi
43%
voudra
43%
décidait
42%
désirait
42%
revoir
42%
troisième
42%
toute
41%
avait
40%
sur
40%
aujourd'hui
39%
bras
39%
froid
39%
homme
39%
sans
39%
chambre
38%
on
38%
tous
38%
pied
37%
endormie
36%
laisse
36%
mains
36%
rougi
35%
bout
34%
bruit
34%
douceur
34%
douleur
34%
élégants
34%
gestes
34%
quelques
34%
seuls
34%
ville
34%
celui
33%
chaleur
33%
oublier
33%
posa
32%
puni
32%
souffle
32%
sous
32%
vêtements
32%
voulu
32%
réveille
31%
sirène
31%
prise
30%
voit
29%
puis
28%
rendez-vous
27%
rit
26%
arrachait
25%
caressa
25%
rattraperont
25%
donnèrent
24%
l'aimait
22%
fleuve
21%
Aucun quiz correspondant
Distribution des résultats
% des personnes avec chaque résultat
Percentile par nombre de réponses
Votre historique - résultats
Vous n’avez pas pris ce quiz